ბათუმის შოთა რუსთაველის სახელმწიფო უნივერსიტეტის ბიბლიოთეკა

ქართული პროზა: წ.6. (ბიბ.ჩანაწერი № 43712)

000 -ლიდერი
ფიქსირებული სიგრძის საკონტროლო ველი 01076nam a2200229Ia 4500
001 - საკონტროლო ნომერი
საკონტროლო ველი 10453
003 - საკონტროლო ნომრის იდენტიფიკატორი
საკონტროლო ველი GE_BSU
005 - ბოლო ოპერაციის თარიღი და დრო
საკონტროლო ველი 20221219135155.0
008 - ფიქსირებული სიგრძის მონაცემთა ელემენტები - ზოგადი ინფორმაცია
ფიქსირებული სიგრძის საკონტროლო ველი 181216s1984ge xx |||||||||||||| ||geo||
040 ## - კატალოგიზაციის წყარო
Transcribing agency GE_BSU
041 ## - ენის კოდი
Language code of text/sound track or separate title geo
080 ## - უნივერსალური ათობითი კლასიფიკაციის ინდექსი
Universal Decimal Classification number 821.353.1–3+030=353.1+27–36(479.22) ქ-27
245 ## - ცნობა სათაურის შესახებ
Title ქართული პროზა: წ.6.
Remainder of title კალმასობა :მგზავრობა
Statement of responsibility, etc შემდგ: გ.გვერდწითელი, ნ.ებრალიძე, რ.თვარაძე
264 ## - წარმოების, გამოცემის, დისტრიბუციის და სხვა ცნობები
გამოცემის, წარმოების, დისტრიბუციის... ადგილი თბილისი :
გამოცემის, წარმოების, დისტრიბუციის... სახელწოდება საბჭოთა საქართველო,
გამოცემის, წარმოების, დისტრიბუციის... თარიღი 1984.
300 ## - ფიზიკური აღწერა
Extent 783 გვ;
Other physical details 20 სმ.
653 ## - INDEX TERM--UNCONTROLLED
Uncontrolled term ქართული პროზა: წ.6
653 ## - INDEX TERM--UNCONTROLLED
Uncontrolled term კალმასობა მგზავრობა
700 ## - ADDED ENTRY--PERSONAL NAME
Personal name გვერდწითელი, გ
Relator term შემდგენელი
9 (RLIN) 16484
700 ## - ADDED ENTRY--PERSONAL NAME
Personal name ებრალიძე, ნ
Relator term შემდგენელი
9 (RLIN) 16465
700 ## - ADDED ENTRY--PERSONAL NAME
Personal name თვარაძე, რ
Relator term შემდგენელი
9 (RLIN) 14595
942 ## - ADDED ENTRY ELEMENTS (KOHA)
Koha item type წიგნი
Source of classification or shelving scheme
ეგზემპლარები
ჩამოწერის სტატუსი დაკარგული ეგზემპლარის სტატუსი კლასიფიკაციის წყარო ან თაროზე გაწყობის სქემა დაზიანების სტატუსი არ გაიცემა მუდმივი მდებარეობა (დაცვის ადგილი) ამჟამინდელი ადგილსამყოფელი თაროზე განთავსების ადგილი შეძენის თარიღი სრული შენახვის შიფრი შტრიხკოდი ბოლო ოპერაციის თარიღი ეგზემპლარის მიმდევრობითი ნომერი (კეტერი?) ფასის ძალაში შესვლის თარიღი ეგზემპლარის სახეობა ღირებულება, შესყიდვის ნორმალური ფასი საჯარო შენიშვნა
          ბათუმის შოთა რუსთაველის სახელმწიფო უნივერსიტეტის მთავარი ბიბლიოთეკა ბათუმის შოთა რუსთაველის სახელმწიფო უნივერსიტეტის მთავარი ბიბლიოთეკა წიგნსაცავი 2018-12-17 821.353.1–3+030=353.1+27–36(479.22) ქ-27 34216 2018-12-17 34216 2018-12-17 წიგნი    
          ბათუმის შოთა რუსთაველის სახელმწიფო უნივერსიტეტის მთავარი ბიბლიოთეკა ბათუმის შოთა რუსთაველის სახელმწიფო უნივერსიტეტის მთავარი ბიბლიოთეკა წიგნსაცავი 2018-12-17 821.353.1–3+030=353.1+27–36(479.22) ქ-27 34217 2018-12-17 34217 2018-12-17 წიგნი    
          ბათუმის შოთა რუსთაველის სახელმწიფო უნივერსიტეტის მთავარი ბიბლიოთეკა ბათუმის შოთა რუსთაველის სახელმწიფო უნივერსიტეტის მთავარი ბიბლიოთეკა წიგნსაცავი 2022-12-19 821.353.1–3+030=353.1+27–36(479.22) ქ-27 63341 2022-12-19 63341 2022-12-19 წიგნი 10.00 10.00